|
|
|
|
| LEADER |
03124nam a22003733i 4500 |
| 001 |
EBC5983936 |
| 003 |
MiAaPQ |
| 005 |
20240729202202.0 |
| 006 |
m o d | |
| 007 |
cr cnu|||||||| |
| 008 |
240729s2019 xx o ||||0 eng d |
| 020 |
|
|
|a 9789175190037
|q (electronic bk.)
|
| 035 |
|
|
|a (MiAaPQ)EBC5983936
|
| 035 |
|
|
|a (Au-PeEL)EBL5983936
|
| 035 |
|
|
|a (OCoLC)1129214447
|
| 040 |
|
|
|a MiAaPQ
|b eng
|e rda
|e pn
|c MiAaPQ
|d MiAaPQ
|
| 100 |
1 |
|
|a Gu, Xuan.
|
| 245 |
1 |
0 |
|a Advanced Analysis of Diffusion MRI Data.
|
| 250 |
|
|
|a 1st ed.
|
| 264 |
|
1 |
|a Linköping :
|b Linkopings Universitet,
|c 2019.
|
| 264 |
|
4 |
|c {copy}2019.
|
| 300 |
|
|
|a 1 online resource (108 pages)
|
| 336 |
|
|
|a text
|b txt
|2 rdacontent
|
| 337 |
|
|
|a computer
|b c
|2 rdamedia
|
| 338 |
|
|
|a online resource
|b cr
|2 rdacarrier
|
| 490 |
1 |
|
|a Linköping Studies in Science and Technology. Dissertations Series ;
|v v.2017
|
| 505 |
0 |
|
|a Intro -- Abstract -- Acknowledgments -- Contents -- List of Figures -- List of Tables -- Introduction -- Introduction -- Research questions -- Outline -- Included publications -- Abbreviations -- Reproducibility and ethics -- Magnetic resonance imaging -- History of MRI -- MR physics -- MR signals -- MR spatial encoding -- k-space -- Diffusion MRI -- History of Diffusion MRI -- Diffusion basics -- Diffusion MRI techniques -- Preprocessing of diffusion MRI data -- Introduction -- Susceptibility-induced distortion correction -- Eddy-current-induced distortion correction -- Head motion correction -- Discussion -- Tractography -- Introduction -- Deterministic tractography -- Probabilistic tractography -- Stopping and rejection criteria -- Limitations -- Uncertainty in diffusion models -- Introduction -- Bootstrap -- Bayesian methods -- Reducing uncertainty using a spatial model -- Deep learning in diffusion MRI -- Introduction -- Architectures -- Applications -- Summary of papers -- Introduction -- Paper I - Repeated tractography of a single subject: how high is the variance? -- Paper II - Bayesian diffusion tensor estimation with spatial priors -- Paper III - Multi-fiber estimation and tractography for diffusion MRI using mixture of non-central Wishart distributions -- Paper IV - Using the wild bootstrap to quantify uncertainty in mean apparent propagator MRI -- Paper V - Generating diffusion MRI scalar maps -- Paper VI - Evaluation of six phase encoding based susceptibility distortion correction methods for diffusion MRI -- Bibliography -- Papers.
|
| 588 |
|
|
|a Description based on publisher supplied metadata and other sources.
|
| 590 |
|
|
|a Electronic reproduction. Ann Arbor, Michigan : ProQuest Ebook Central, 2024. Available via World Wide Web. Access may be limited to ProQuest Ebook Central affiliated libraries.
|
| 655 |
|
4 |
|a Electronic books.
|
| 776 |
0 |
8 |
|i Print version:
|a Gu, Xuan
|t Advanced Analysis of Diffusion MRI Data
|d Linköping : Linkopings Universitet,c2019
|
| 797 |
2 |
|
|a ProQuest (Firm)
|
| 830 |
|
0 |
|a Linköping Studies in Science and Technology. Dissertations Series
|
| 856 |
4 |
0 |
|u https://ebookcentral.proquest.com/lib/matrademy/detail.action?docID=5983936
|z Click to View
|